000 01172njm a22002777a 4500
005 20100901115333.0
006 a|||||r|||||00| 0
007 sd ammalaaahaa
008 100901t xxu||||| |||| 00| 0 eng d
028 _aN 53451
_bHis Master Voice
035 _aGR-712
040 _aSED
_cSED
100 _aMalhotra, Sudha
_917891
245 _aVeer Durgadas /
_cby Sudha Malhotra & Mubarak Begum ; lyrices by Bharat Vyas ; Musices by S.N. Tripathi
_h[Sound recording]
246 _aवीर दुर्गादास / सुधा मल्होत्रा
260 _aDUM DUM, India
_bHis Master Voice
300 _a1 Sound disc [Gramophone Recording] :
_banalog, 33 1/3 rpm
_c9.5 in. (MP)
_fGramophone Record
500 _aBrief record
505 _aSide-1 पिये जा जामे उल्फत ,(कवाली ) (Piye ja jame ulfat ,(kvali) (Sudha Malhotra)
650 _aClassical music
_xExcerpts
_zIndia
_917892
700 _aBegum, Mubarak
_918192
700 _aTripathi, S.N.
_918447
700 _aVyas, Bharat
_918460
942 _2ddc
_cGR
999 _c43885
_d43885